000 00598nam a22002057a 4500
005 20241205111835.0
008 241205b ||||| |||| 00| 0 eng d
020 _a9789384746414
040 _cAL
041 _aeng
082 _223
_a342.06
_bJETA
100 _aRam Jethmalani
_9187827
245 _aAdministrative Law
260 _aGurgaon
_bThomson Reuters, Legal
_c2016
300 _alxiv,1337p.
_bHB
_c23x14.5cm.
365 _2General
_a1060
_b₹2350.00
_c
_d₹4700.00
_e27%
_f28-11-2024
650 _2Law
_aAdministrative Law
_9187828
700 _aChopra D S
_9187829
942 _2ddc
_cREF
999 _c232095
_d232095